[Event "Europa ch Femenino 2013"]
[Site "Belgrado SER"]
[Date "2013.08.02"]
[Round "10.73"]
[White "Coimbra, Margarida"]
[Black "Oliveira, Maria Ines"]
[Result "1/2-1/2"]
[WhiteElo "2093"]
[BlackElo "1978"]
[PlyCount "35"]
[EventDate "2013.07.23"]
[EventType "swiss"]
[EventRounds "11"]
[EventCountry "SER"]
[Source "lmi"]
[SourceDate "2013.07.22"]

1. e4 c5 2. c3 d5 3. exd5 Qxd5 4. d4 Nf6 5. Nf3 e6 6. Be3 cxd4 7. cxd4 Nc6 8.
Nc3 Qd6 9. a3 g6 10. Bc4 Bg7 11. Nb5 Qd8 12. Bf4 O-O 13. Bc7 Qd7 14. Bd6 Rd8
15. Bc7 Rf8 16. Bd6 Rd8 17. Bc7 Rf8 18. Bd6 1/2-1/2

[Event "Europa ch Femenino 2013"]
[Site "Belgrado SER"]
[Date "2013.08.02"]
[Round "10.74"]
[White "Bogumil, Tatiana"]
[Black "Panic, Anastasija"]
[Result "1/2-1/2"]
[WhiteElo "2084"]
[BlackElo "1948"]
[PlyCount "76"]
[EventDate "2013.07.23"]
[EventType "swiss"]
[EventRounds "11"]
[EventCountry "SER"]
[Source "lmi"]
[SourceDate "2013.07.22"]

1. Nf3 d5 2. c4 c6 3. b3 Bg4 4. Ne5 Bh5 5. Bb2 Nf6 6. g3 e6 7. Bg2 Nbd7 8. O-O
Be7 9. d4 O-O 10. Nd2 Nxe5 11. dxe5 Nd7 12. h3 f5 13. cxd5 cxd5 14. Nf3 Bxf3
15. Bxf3 g6 16. Bxd5 exd5 17. Qxd5+ Kh8 18. Rfd1 Nb6 19. Qxb7 Qe8 20. a4 Rd8
21. Qxa7 Nd5 22. Qb7 Nb4 23. Rac1 Kg8 24. Rxd8 Qxd8 25. Rc7 Qd1+ 26. Kh2 f4 27.
Rxe7 fxg3+ 28. Kxg3 Qg1+ 29. Qg2 Qb1 30. Bd4 Qf5 31. Qb7 Qf4+ 32. Kg2 Qg5+ 33.
Kh1 Qc1+ 34. Kh2 Qf4+ 35. Kg2 Qg5+ 36. Kh2 Qf4+ 37. Kh1 Qc1+ 38. Kg2 Qg5+
1/2-1/2

[Event "Europa ch Femenino 2013"]
[Site "Belgrado SER"]
[Date "2013.08.02"]
[Round "10.75"]
[White "Miladinovic, Lena"]
[Black "Nikolovska, Dragana"]
[Result "1/2-1/2"]
[WhiteElo "2083"]
[BlackElo "1848"]
[PlyCount "90"]
[EventDate "2013.07.23"]
[EventType "swiss"]
[EventRounds "11"]
[EventCountry "SER"]
[Source "lmi"]
[SourceDate "2013.07.22"]

1. d4 g6 2. Nf3 Bg7 3. c4 c5 4. e4 cxd4 5. Nxd4 d6 6. Nc3 Nf6 7. Be2 O-O 8. O-O
Nc6 9. Be3 Bd7 10. Rc1 a6 11. f3 Rb8 12. Qd2 Nxd4 13. Bxd4 b5 14. b3 Qa5 15.
Rfd1 Rfc8 16. Bxf6 exf6 17. Qxd6 Be6 18. b4 Qa3 19. cxb5 Bf8 20. Qf4 Bxb4 21.
Nd5 Bxd5 22. exd5 Bc5+ 23. Kh1 axb5 24. Qxf6 Qxa2 25. Bf1 Qf2 26. Bd3 Be3 27.
Rb1 Bd4 28. Qf4 Be3 29. Qe4 Re8 30. Rxb5 Rxe4 31. Rxb8+ Kg7 32. Bxe4 Bf4 33.
Rbb1 Qh4 34. Kg1 Qxh2+ 35. Kf1 Qh1+ 36. Kf2 Qh4+ 37. Ke2 Qg3 38. Rg1 Bd6 39.
Rbc1 Bb8 40. Ra1 Bd6 41. Rac1 Qe5 42. g4 Qh2+ 43. Kd3 Bf4 44. Rcd1 Qb2 45. Rb1
Qd2+ 1/2-1/2

[Event "Europa ch Femenino 2013"]
[Site "Belgrado SER"]
[Date "2013.08.02"]
[Round "10.76"]
[White "Milutinovic, Stefana"]
[Black "Kaplan, Ebru"]
[Result "0-1"]
[WhiteElo "2035"]
[BlackElo "1885"]
[PlyCount "60"]
[EventDate "2013.07.23"]
[EventType "swiss"]
[EventRounds "11"]
[EventCountry "SER"]
[Source "lmi"]
[SourceDate "2013.07.22"]

1. d4 Nf6 2. c4 g6 3. Nf3 Bg7 4. Nc3 d5 5. cxd5 Nxd5 6. e3 O-O 7. Qb3 Nb6 8.
Be2 N8d7 9. a4 a5 10. O-O e5 11. Rd1 exd4 12. Nxd4 Qe7 13. Qc2 c5 14. Ndb5 Ne5
15. Ne4 c4 16. Rd6 Nc6 17. Bxc4 Bf5 18. f3 Nb4 19. Qe2 Nxc4 20. Qxc4 Rac8 21.
Qb3 Bxe4 22. fxe4 Qxe4 23. Bd2 Be5 24. Bxb4 axb4 25. Rd2 Rcd8 26. Rad1 Bxh2+
27. Kf1 Rxd2 28. Rxd2 Rc8 29. Qxf7+ Kxf7 30. Nd6+ Bxd6 0-1

[Event "Europa ch Femenino 2013"]
[Site "Belgrado SER"]
[Date "2013.08.02"]
[Round "10.77"]
[White "Olea, Liliana"]
[Black "Milanovic, Maja"]
[Result "1-0"]
[WhiteElo "1905"]
[BlackElo "1969"]
[PlyCount "125"]
[EventDate "2013.07.23"]
[EventType "swiss"]
[EventRounds "11"]
[EventCountry "SER"]
[Source "lmi"]
[SourceDate "2013.07.22"]

1. e4 c5 2. g3 Nc6 3. Bg2 g6 4. f4 Bg7 5. d3 d6 6. Nf3 Nf6 7. O-O O-O 8. h3 b5
9. c3 Rb8 10. Re1 a5 11. d4 cxd4 12. cxd4 Bb7 13. d5 Nb4 14. a3 Na6 15. Nd4 Qd7
16. Nc3 Ba8 17. Bf1 Nc7 18. a4 b4 19. Ncb5 Na6 20. Kh2 Nc5 21. Bg2 e6 22. Nb3
exd5 23. exd5 Nxa4 24. Nxd6 Nb6 25. Ne4 Nxe4 26. Bxe4 Bxd5 27. Bxd5 Nxd5 28.
Rxa5 Rfd8 29. Qf3 Rb5 30. Rxb5 Qxb5 31. f5 Rc8 32. fxg6 hxg6 33. Qe4 Qc6 34.
Re2 Kf8 35. Bd2 Qc4 36. Qxc4 Rxc4 37. Be1 Bf6 38. Rd2 Nb6 39. Kg1 Na4 40. Na5
Re4 41. Kf1 Nxb2 42. Rd7 Na4 43. Nb3 Kg7 44. Rb7 Bc3 45. Bf2 Nb2 46. Nc5 Re8
47. g4 Nd1 48. Na4 Re4 49. Bc5 Ne3+ 50. Kf2 Nd5 51. Kf3 Rc4 52. Bd6 Bd4 53. Ke4
Ne3 54. Kd3 b3 55. Nb6 Rb4 56. Bxb4 b2 57. Bf8+ Kxf8 58. Nd7+ Ke8 59. Kxd4 Nc2+
60. Kc3 Na3 61. Nf6+ Kf8 62. Rxb2 Kg7 63. g5 1-0

[Event "Europa ch Femenino 2013"]
[Site "Belgrado SER"]
[Date "2013.08.02"]
[Round "10.79"]
[White "Gjergji, Rozana"]
[Black "Mahmutbegovic, Nadina"]
[Result "1-0"]
[WhiteElo "1917"]
[BlackElo "1800"]
[PlyCount "63"]
[EventDate "2013.07.23"]
[EventType "swiss"]
[EventRounds "11"]
[EventCountry "SER"]
[Source "lmi"]
[SourceDate "2013.07.22"]

1. e4 e5 2. Nf3 Nc6 3. Bb5 a6 4. Ba4 Nf6 5. O-O Be7 6. Re1 b5 7. Bb3 O-O 8. c3
d5 9. exd5 Nxd5 10. Nxe5 Nxe5 11. Rxe5 Bb7 12. d4 Bf6 13. Re1 Re8 14. Nd2 Nf4
15. Nf3 Bxf3 16. gxf3 Qd6 17. Re4 Nh3+ 18. Kg2 Nxf2 19. Kxf2 Qxh2+ 20. Ke3 c5
21. dxc5 Rxe4+ 22. fxe4 Bg5+ 23. Kd3 Rd8+ 24. Bd5 Be7 25. b4 Bf6 26. Bd2 a5 27.
a3 h5 28. Qf3 Qe5 29. Kc2 a4 30. Bf4 Qe7 31. Qxh5 g6 32. Qxg6+ 1-0

[Event "Europa ch Femenino 2013"]
[Site "Belgrado SER"]
[Date "2013.08.02"]
[Round "10.80"]
[White "Ivekovic, Ivana"]
[Black "Pihajlic, Amalija"]
[Result "0-1"]
[WhiteElo "1858"]
[BlackElo "1882"]
[PlyCount "92"]
[EventDate "2013.07.23"]
[EventType "swiss"]
[EventRounds "11"]
[EventCountry "SER"]
[Source "lmi"]
[SourceDate "2013.07.22"]

1. d4 d5 2. c4 Bf5 3. cxd5 Bxb1 4. Qa4+ Qd7 5. Qxd7+ Nxd7 6. Rxb1 Ngf6 7. Nf3
Nxd5 8. e4 N5b6 9. Bf4 c6 10. Bd3 e6 11. O-O Be7 12. b4 O-O 13. Rfd1 Rfd8 14.
Be3 h6 15. Be2 Nf6 16. Nd2 Rac8 17. f3 Rd7 18. a3 Rcd8 19. Nb3 Na4 20. Rdc1 Ne8
21. Nc5 Nxc5 22. bxc5 Bf6 23. e5 Be7 24. Bc4 g6 25. Rb3 Ng7 26. g4 h5 27. Rcb1
hxg4 28. fxg4 Rxd4 29. Bxd4 Rxd4 30. Be2 Bxc5 31. Kg2 b6 32. Bf3 Ne8 33. Bxc6
Nc7 34. Kf3 g5 35. Kg3 Nd5 36. Rf3 Nf4 37. h4 gxh4+ 38. Kh2 Rd2+ 39. Kh1 Ne2
40. Rbb3 Nd4 41. Rbd3 Rxd3 42. Rxd3 Nxc6 43. Kg2 Nxe5 44. Rd8+ Kg7 45. Kh3 Bxa3
46. Kxh4 Be7+ 0-1

[Event "Europa ch Femenino 2013"]
[Site "Belgrado SER"]
[Date "2013.08.02"]
[Round "10.81"]
[White "Velickovski-Nejkovic, Maja"]
[Black "Korbovljanovic, Natasa"]
[Result "0-1"]
[WhiteElo "2083"]
[BlackElo "1877"]
[PlyCount "84"]
[EventDate "2013.07.23"]
[EventType "swiss"]
[EventRounds "11"]
[EventCountry "SER"]
[Source "lmi"]
[SourceDate "2013.07.22"]

1. c4 c6 2. Nc3 Nf6 3. d4 d5 4. e3 e6 5. Nf3 Bd6 6. Qc2 Nbd7 7. cxd5 exd5 8.
Bd3 O-O 9. g4 g6 10. h3 Re8 11. Bd2 a5 12. O-O-O b5 13. Rdg1 b4 14. Na4 Ba6 15.
Bxa6 Rxa6 16. Kb1 Ne4 17. Be1 c5 18. dxc5 Ndxc5 19. Nd4 Qd7 20. Nxc5 Bxc5 21.
Qd3 Raa8 22. f3 Nd6 23. Bd2 Nc4 24. Bc1 Ne5 25. Qf1 Rac8 26. h4 Nc4 27. Qf2 Qa7
28. Rd1 Qe7 29. Rde1 Ne5 30. Qf1 Qf6 31. g5 Qb6 32. Nb3 a4 33. Nxc5 Qxc5 34.
Rh2 Rc7 35. h5 Rec8 36. hxg6 fxg6 37. Rh1 Qc2+ 38. Ka1 Nd3 39. Rd1 Nxc1 40. Qh3
Qc6 41. Rd2 Nb3+ 42. axb3 axb3 0-1

[Event "Europa ch Femenino 2013"]
[Site "Belgrado SER"]
[Date "2013.08.02"]
[Round "10.82"]
[White "Brankov, Kristina"]
[Black "Rudovic, Anja"]
[Result "1-0"]
[WhiteElo "1903"]
[BlackElo "1549"]
[PlyCount "107"]
[EventDate "2013.07.23"]
[EventType "swiss"]
[EventRounds "11"]
[EventCountry "SER"]
[Source "lmi"]
[SourceDate "2013.07.22"]

1. e4 c5 2. Nc3 Nc6 3. Bb5 Nd4 4. Bc4 g6 5. Nf3 Bg7 6. Nxd4 cxd4 7. Qf3 Nf6 8.
Nb5 d5 9. exd5 Ng4 10. d3 a6 11. Na3 Ne5 12. Qe2 Nxc4 13. dxc4 O-O 14. O-O Bf5
15. Bg5 Re8 16. Qd2 Qd6 17. Rad1 b5 18. Bf4 Qb6 19. Rfe1 Rac8 20. b3 bxc4 21.
Nxc4 Qc5 22. Be5 Rcd8 23. Bxg7 Kxg7 24. Qxd4+ Qxd4 25. Rxd4 Bxc2 26. f3 Bf5 27.
Red1 Bc8 28. Kf2 Bb7 29. d6 Rd7 30. R4d2 Kf6 31. g4 h6 32. h4 g5 33. hxg5+ hxg5
34. dxe7 Rxd2+ 35. Rxd2 Rxe7 36. Nd6 Ke5 37. Nc4+ Kf6 38. Rd6+ Re6 39. Rxe6+
Kxe6 40. Ke3 Kd5 41. a3 Kc5 42. Ne5 Bd5 43. Nd3+ Kb5 44. b4 Ka4 45. Nc5+ Kb5
46. Ne4 Kc4 47. Nxg5 Kb3 48. Kd4 Ba8 49. f4 Kxa3 50. Kc5 f6 51. Nh7 f5 52. gxf5
Be4 53. f6 Bg6 54. Ng5 1-0

[Event "Europa ch Femenino 2013"]
[Site "Belgrado SER"]
[Date "2013.08.02"]
[Round "10.83"]
[White "Sekulovic, Dusica"]
[Black "Nestorovic, Katarina"]
[Result "1/2-1/2"]
[WhiteElo "1805"]
[BlackElo "1484"]
[PlyCount "111"]
[EventDate "2013.07.23"]
[EventType "swiss"]
[EventRounds "11"]
[EventCountry "SER"]
[Source "lmi"]
[SourceDate "2013.07.22"]

1. e4 c5 2. Nc3 a6 3. g3 b5 4. Bg2 Bb7 5. d3 e6 6. Nf3 Nf6 7. O-O Be7 8. Ne1 b4
9. Ne2 d5 10. e5 Nfd7 11. f4 O-O 12. Nf3 Nc6 13. Bd2 f6 14. exf6 Bxf6 15. c3
Qb6 16. Kh1 Rab8 17. Rb1 a5 18. Be1 Ba6 19. Qc2 Qb5 20. Nc1 Nb6 21. b3 bxc3 22.
Bxc3 Bxc3 23. Qxc3 d4 24. Qe1 Rfe8 25. Ne5 Nxe5 26. Qxe5 Rbd8 27. Re1 Nd5 28.
Rb2 Ne3 29. Be4 Ng4 30. Qg5 Nf6 31. Bg2 Re7 32. Rbe2 Rde8 33. Re5 Nd7 34. R5e2
Nf6 35. h4 h6 36. Qe5 Ng4 37. Qh5 Nf6 38. Qg6 Bb7 39. Kh2 Bxg2 40. Rxg2 Qc6 41.
Rf1 Nd5 42. Qe4 Nb4 43. Re1 Qxe4 44. Rxe4 e5 45. Rge2 Nc6 46. Kg2 exf4 47. Rxe7
Rxe7 48. Rxe7 Nxe7 49. gxf4 Kf7 50. Kf3 Kg6 51. Kg4 h5+ 52. Kh3 Kf5 53. Ne2 Nd5
54. Kg3 Nb4 55. Nc1 Nd5 56. Ne2 1/2-1/2

[Event "Europa ch Femenino 2013"]
[Site "Belgrado SER"]
[Date "2013.08.02"]
[Round "10.84"]
[White "Jankovic, Milanka"]
[Black "Sarjanovic, Andjela"]
[Result "0-1"]
[WhiteElo "1619"]
[BlackElo "1655"]
[PlyCount "70"]
[EventDate "2013.07.23"]
[EventType "swiss"]
[EventRounds "11"]
[EventCountry "SER"]
[Source "lmi"]
[SourceDate "2013.07.22"]

1. d4 d5 2. Nc3 Nf6 3. Bg5 e6 4. Nf3 c5 5. dxc5 Bxc5 6. e3 Nc6 7. a3 Bd7 8. Bb5
O-O 9. O-O Be7 10. h3 Rc8 11. Re1 a6 12. Bd3 Na5 13. Ne5 Nc6 14. Nxd7 Nxd7 15.
Bxe7 Qxe7 16. f4 Nb6 17. b3 Rc7 18. Qg4 d4 19. Nd1 Qf6 20. e4 e5 21. f5 Nd7 22.
Rf1 Rfc8 23. Rf3 Nc5 24. h4 Nxd3 25. Rxd3 Nb8 26. Rc1 Rxc2 27. Rxc2 Rxc2 28.
Nf2 Nd7 29. h5 Qh6 30. Nd1 Qf6 31. Rh3 h6 32. Qg3 Qc6 33. Qg4 Nf6 34. Qf3 Qxe4
35. Qxe4 Nxe4 0-1

[Event "Europa ch Femenino 2013"]
[Site "Belgrado SER"]
[Date "2013.08.03"]
[Round "11.1"]
[White "Hoang, Thanh Trang"]
[Black "Cmilyte, Viktorija"]
[Result "1/2-1/2"]
[WhiteElo "2467"]
[BlackElo "2497"]
[PlyCount "118"]
[EventDate "2013.07.23"]
[EventType "swiss"]
[EventRounds "11"]
[EventCountry "SER"]
[Source "lmi"]
[SourceDate "2013.07.22"]

1. d4 Nf6 2. Bg5 d5 3. Bxf6 gxf6 4. c4 dxc4 5. e3 c5 6. Bxc4 cxd4 7. exd4 Rg8
8. g3 Nc6 9. Ne2 Bh6 10. Nbc3 Kf8 11. Qd3 Rg7 12. Rd1 Qa5 13. a3 Bf5 14. Qf3
Bc2 15. Ra1 Rd8 16. Bd5 Rxd5 17. b4 Rf5 18. Qxc6 bxc6 19. bxa5 Rxa5 20. f4 e5
21. O-O exf4 22. Nxf4 Rf5 23. Nce2 Ba4 24. Kg2 Bb5 25. a4 Ba6 26. Rab1 Ke7 27.
Rb8 Ra5 28. Re1 Kd7 29. Ra8 Bb7 30. Rh8 c5+ 31. d5 Rxa4 32. Nh5 Rg6 33. Nc3 Rc4
34. Rxh7 Rxc3 35. Rxf7+ Kd6 36. Rxb7 Rc2+ 37. Kh3 Kxd5 38. Rxa7 c4 39. Ra6 Bg5
40. Ree6 Rh6 41. Kg4 Rxh2 42. Nxf6+ Bxf6 43. Rxf6 Rxf6 44. Rxf6 c3 45. Rf1 c2
46. Kg5 Rf2 47. Rc1 Kd4 48. g4 Kd3 49. Kg6 Kd2 50. Rh1 c1=Q 51. Rxc1 Kxc1 52.
g5 Kd2 53. Kh7 Rh2+ 54. Kg7 Ke3 55. g6 Ke4 56. Kf7 Ke5 57. g7 Rf2+ 58. Ke7 Rg2
59. Kf7 Rxg7+ 1/2-1/2

[Event "Europa ch Femenino 2013"]
[Site "Belgrado SER"]
[Date "2013.08.03"]
[Round "11.3"]
[White "Girya, Olga"]
[Black "Muzychuk, Anna"]
[Result "1/2-1/2"]
[WhiteElo "2437"]
[BlackElo "2594"]
[PlyCount "119"]
[EventDate "2013.07.23"]
[EventType "swiss"]
[EventRounds "11"]
[EventCountry "SER"]
[Source "lmi"]
[SourceDate "2013.07.22"]

1. d4 f5 2. c4 Nf6 3. Nc3 d6 4. Nf3 g6 5. g3 Bg7 6. Bg2 O-O 7. O-O c6 8. Rb1
Na6 9. b4 Nc7 10. Qb3 Kh8 11. Rd1 Be6 12. b5 Nxb5 13. Ng5 Bg8 14. Nxb5 cxb5 15.
Qxb5 h6 16. Nf3 Rc8 17. Nd2 b6 18. Bb2 Qd7 19. Qa6 Rc7 20. Rbc1 Rfc8 21. e3 Ne4
22. Nxe4 fxe4 23. c5 bxc5 24. Bxe4 cxd4 25. Rxc7 Rxc7 26. Bxd4 Bxd4 27. exd4
Qe6 28. Qd3 Qxa2 29. Bxg6 Qb3 30. Qd2 Kg7 31. Be4 a5 32. Ra1 Qc3 33. Qxc3 Rxc3
34. Rxa5 Rc4 35. Bd5 Rxd4 36. Bxg8 Kxg8 37. Kg2 Kf7 38. Kf3 d5 39. h4 Kf6 40.
Ra8 Rb4 41. Rh8 Kg6 42. Rg8+ Kf7 43. Rd8 e6 44. Rh8 Kg7 45. Re8 Re4 46. g4 h5
47. gxh5 Kf7 48. Rh8 Rxh4 49. Kg3 Ra4 50. f4 Ra1 51. Kg4 Rg1+ 52. Kf3 Rg7 53.
Rb8 Kf6 54. Rf8+ Rf7 55. Rxf7+ Kxf7 56. Ke3 Kg7 57. Kd4 Kh6 58. Ke5 Kxh5 59. f5
exf5 60. Kxf5 1/2-1/2

[Event "Europa ch Femenino 2013"]
[Site "Belgrado SER"]
[Date "2013.08.03"]
[Round "11.4"]
[White "Khotenashvili, Bela"]
[Black "Guramishvili, Sopiko"]
[Result "1-0"]
[WhiteElo "2512"]
[BlackElo "2421"]
[PlyCount "83"]
[EventDate "2013.07.23"]
[EventType "swiss"]
[EventRounds "11"]
[EventCountry "SER"]
[Source "lmi"]
[SourceDate "2013.07.22"]

1. Nf3 d5 2. c4 c6 3. g3 Nf6 4. Bg2 dxc4 5. O-O Nbd7 6. Qc2 Nb6 7. Na3 Be6 8.
b3 cxb3 9. axb3 g6 10. Nc4 Bg7 11. Bb2 O-O 12. Na5 Qc8 13. Rfc1 Rd8 14. b4 Nbd5
15. Qa4 Nb6 16. Qa3 a6 17. d3 Ne8 18. Bxg7 Kxg7 19. Ne5 Bd5 20. e4 Be6 21. d4
Nc7 22. Qb2 f6 23. Nd3 Bf7 24. Nc5 Ra7 25. h4 Qa8 26. Bh3 Nc8 27. h5 Nb5 28.
Nab3 Nc7 29. Na4 Nb5 30. d5 cxd5 31. Rxc8 Rxc8 32. Nb6 Rd8 33. Nxa8 Raxa8 34.
exd5 Bxd5 35. Nc5 e5 36. Bg2 Rab8 37. h6+ Kxh6 38. Qd2+ g5 39. Bxd5 Nc7 40. Kg2
Nxd5 41. Rh1+ Kg6 42. Qe2 1-0

[Event "Europa ch Femenino 2013"]
[Site "Belgrado SER"]
[Date "2013.08.03"]
[Round "11.5"]
[White "Mkrtchian, Lilit"]
[Black "Gunina, Valentina"]
[Result "1-0"]
[WhiteElo "2454"]
[BlackElo "2507"]
[PlyCount "158"]
[EventDate "2013.07.23"]
[EventType "swiss"]
[EventRounds "11"]
[EventCountry "SER"]
[Source "lmi"]
[SourceDate "2013.07.22"]

1. c4 c6 2. Nf3 d5 3. e3 Nf6 4. Nc3 e6 5. b3 Nbd7 6. Bb2 Bd6 7. Qc2 Qe7 8. Be2
O-O 9. O-O dxc4 10. bxc4 e5 11. Ng5 Bc7 12. Rad1 Re8 13. Nge4 Nxe4 14. Nxe4 Nf8
15. f3 f5 16. Ng3 g6 17. Qc3 Ne6 18. f4 Ng7 19. Kh1 Bd7 20. c5 Rad8 21. Bc4+
Be6 22. fxe5 Bxe5 23. Qxe5 Bxc4 24. Qxe7 Rxe7 25. Bf6 Bxf1 26. Bxe7 Rd7 27. Bd6
Bd3 28. Rc1 Ne8 29. Bb8 a6 30. Kg1 Rd5 31. Kf2 Nf6 32. Ke1 Nd7 33. Bd6 b6 34.
Ne2 bxc5 35. Bc7 c4 36. Nf4 Rb5 37. Nxd3 cxd3 38. Rxc6 Nc5 39. Rb6 Ne4 40. Rxb5
axb5 41. Kd1 Kf7 42. Kc1 Ke6 43. Kb2 Kd5 44. Kb3 g5 45. h3 h5 46. Bd8 h4 47.
Be7 Ke6 48. Bf8 Kf7 49. Bb4 g4 50. Ba5 Ke8 51. Bb4 Kd7 52. Bc3 Kc6 53. Ba5 Kd7
54. Bc3 g3 55. Bg7 Ke6 56. Bh6 Kd5 57. Bf4 Kc6 58. Bh6 Kc5 59. Bf8+ Kd5 60. Bh6
Kc6 61. Bf4 Kb6 62. Kb4 Nxd2 63. Kc3 Ne4+ 64. Kxd3 Kc5 65. Bc7 b4 66. Bd8 Nc3
67. a3 Ne4 68. Be7+ Kd5 69. axb4 Ke6 70. Bxh4 Ke5 71. Bd8 Kd6 72. Ke2 Kd7 73.
Bb6 Ke6 74. Kf3 Kd7 75. Bd4 Kc6 76. Kf4 Kd5 77. b5 Nd6 78. b6 Ke6 79. Kxg3 Kd5
1-0

[Event "Europa ch Femenino 2013"]
[Site "Belgrado SER"]
[Date "2013.08.03"]
[Round "11.6"]
[White "Kovalevskaya, Ekaterina"]
[Black "Kosteniuk, Alexandra"]
[Result "0-1"]
[WhiteElo "2407"]
[BlackElo "2489"]
[PlyCount "119"]
[EventDate "2013.07.23"]
[EventType "swiss"]
[EventRounds "11"]
[EventCountry "SER"]
[Source "lmi"]
[SourceDate "2013.07.22"]

1. c4 Nf6 2. Nf3 e6 3. g3 d5 4. Bg2 dxc4 5. Qa4+ Nbd7 6. O-O a6 7. Qxc4 b5 8.
Qc2 Bb7 9. b3 Be7 10. Bb2 c5 11. d3 O-O 12. Nc3 Qb6 13. e4 Rac8 14. Qe2 Bd6 15.
Nd1 Ng4 16. d4 cxd4 17. Bxd4 Bc5 18. Bb2 f6 19. a4 bxa4 20. bxa4 a5 21. Qb5 Ba6
22. Qxb6 Nxb6 23. Re1 Rfd8 24. Bh3 h5 25. Ba3 Nxa4 26. Bxc5 Nxc5 27. Ne3 Nxe3
28. Rxe3 a4 29. Ne1 Kf7 30. f3 Bb5 31. Bf1 Rb8 32. Bxb5 Rxb5 33. Rc3 Rd2 34.
Nc2 Nd3 35. Ne3 Rb3 36. Rc7+ Kg6 37. Nf1 Rf2 38. f4 h4 39. f5+ exf5 40. exf5+
Rxf5 41. Rxa4 Ne5 42. Raa7 Nf3+ 43. Kh1 Ng5 44. Rxg7+ Kh5 45. Ra1 h3 46. Rd7
Rf2 47. Rd2 Rb2 48. Rxb2 Rxb2 49. Ra4 Nf3 50. Rf4 Rf2 51. Rxf3 Rxf3 52. Kg1 f5
53. Nd2 Rd3 54. Nf1 Ra3 55. Kf2 Ra2+ 56. Kf3 Rg2 57. Ke3 Kg4 58. Kd4 Kf3 59.
Kd3 Ra2 60. Kd4 0-1

[Event "Europa ch Femenino 2013"]
[Site "Belgrado SER"]
[Date "2013.08.03"]
[Round "11.8"]
[White "Kosintseva, Tatiana"]
[Black "Arabidze, Meri"]
[Result "1/2-1/2"]
[WhiteElo "2528"]
[BlackElo "2320"]
[PlyCount "115"]
[EventDate "2013.07.23"]
[EventType "swiss"]
[EventRounds "11"]
[EventCountry "SER"]
[Source "lmi"]
[SourceDate "2013.07.22"]

1. e4 c5 2. Nf3 e6 3. d4 cxd4 4. Nxd4 a6 5. Nc3 Qc7 6. Bd3 Nf6 7. O-O Nc6 8.
Nxc6 dxc6 9. f4 e5 10. Kh1 Bc5 11. Qf3 O-O 12. f5 b5 13. g4 h6 14. g5 hxg5 15.
Bxg5 Re8 16. Ne2 Nh7 17. Bd2 Bb7 18. Qh5 Nf6 19. Qh4 Kf8 20. b4 Bb6 21. Bg5 Ke7
22. Rad1 Rh8 23. Qg3 Rh5 24. h4 Rah8 25. Kg2 c5 26. bxc5 Qxc5 27. Qf3 Rxh4 28.
Bxh4 Rxh4 29. Ng3 Kf8 30. Qe2 Rf4 31. Kh3 Qe7 32. Nh5 Rxf1 33. Rxf1 Bd8 34.
Nxf6 Qxf6 35. Qh5 Bb6 36. Qh8+ Ke7 37. Qb8 Qc6 38. Qxe5+ Kf8 39. Qb8+ Ke7 40.
Qf4 Bd4 41. Kg4 Qc5 42. Rh1 Be5 43. Qd2 Qd4 44. Qe2 Qb2 45. Kf3 Qxa2 46. Qe3
Qa5 47. Ke2 Qc7 48. Rb1 Bc3 49. Qf2 b4 50. Rh1 a5 51. Qa7 a4 52. Qxa4 Qg3 53.
Rf1 Qg2+ 54. Rf2 Qg4+ 55. Rf3 Qg2+ 56. Rf2 Qg4+ 57. Rf3 Qg2+ 58. Rf2 1/2-1/2

[Event "Europa ch Femenino 2013"]
[Site "Belgrado SER"]
[Date "2013.08.03"]
[Round "11.9"]
[White "Cramling, Pia"]
[Black "Schleining, Zoya"]
[Result "1-0"]
[WhiteElo "2523"]
[BlackElo "2368"]
[PlyCount "81"]
[EventDate "2013.07.23"]
[EventType "swiss"]
[EventRounds "11"]
[EventCountry "SER"]
[Source "lmi"]
[SourceDate "2013.07.22"]

1. d4 Nf6 2. Nf3 g6 3. c4 Bg7 4. Nc3 d6 5. e4 O-O 6. h3 e5 7. d5 Nh5 8. g3 f5
9. exf5 gxf5 10. Be2 Nf6 11. Be3 Na6 12. Qc2 c5 13. a3 Nc7 14. Nh4 f4 15. Bd2
Qe8 16. O-O-O fxg3 17. fxg3 Bd7 18. g4 e4 19. Be3 Qe5 20. Rhg1 Kh8 21. Rdf1 Ng8
22. Qxe4 Rxf1+ 23. Rxf1 Qxe4 24. Nxe4 Re8 25. Nxd6 Bxb2+ 26. Kd2 Re7 27. Bg5
Bc3+ 28. Kd3 Re5 29. Nf7+ Kg7 30. Nxe5 Bxe5 31. Nf3 Bd6 32. Bd2 b5 33. Bc3+ Kh6
34. Ne5 bxc4+ 35. Ke4 Nb5 36. Bd2+ Kg7 37. Rf7+ Kh8 38. Nxd7 c3 39. Be3 c4 40.
Bxc4 Nxa3 41. Bd4+ 1-0

[Event "Europa ch Femenino 2013"]
[Site "Belgrado SER"]
[Date "2013.08.03"]
[Round "11.11"]
[White "Muzychuk, Mariya"]
[Black "Ozturk, Kubra"]
[Result "0-1"]
[WhiteElo "2484"]
[BlackElo "2293"]
[PlyCount "92"]
[EventDate "2013.07.23"]
[EventType "swiss"]
[EventRounds "11"]
[EventCountry "SER"]
[Source "lmi"]
[SourceDate "2013.07.22"]

1. Nf3 d5 2. c4 d4 3. g3 Nc6 4. Bg2 e5 5. d3 Nf6 6. O-O Be7 7. e3 O-O 8. exd4
exd4 9. Bf4 Nd7 10. Re1 a5 11. Na3 Nc5 12. Nb5 Ne6 13. Rxe6 Bxe6 14. Nxc7 g5
15. Nxe6 fxe6 16. Bd2 g4 17. Ne1 h5 18. Qe2 Qd6 19. Nc2 Qe5 20. Re1 Qxe2 21.
Rxe2 Bf6 22. Bxc6 bxc6 23. Rxe6 Rae8 24. Rxe8 Rxe8 25. Kf1 a4 26. Bf4 Re7 27.
Bd6 Rb7 28. Nb4 Kf7 29. a3 Ke6 30. c5 Bg5 31. Ke1 Bc1 32. Nxc6 Rxb2 33. Nxd4+
Kd5 34. Nf5 Rb1 35. Ke2 Bxa3 36. Ne7+ Ke6 37. d4 Bb4 38. d5+ Kf7 39. Nc6 a3 40.
Ne5+ Ke8 41. Nd3 Bc3 42. c6 a2 43. c7 Kd7 44. Ne5+ Kc8 45. Nc6 Re1+ 46. Kd3
a1=Q 0-1

[Event "Europa ch Femenino 2013"]
[Site "Belgrado SER"]
[Date "2013.08.03"]
[Round "11.12"]
[White "Romanko, Marina"]
[Black "Javakhishvili, Lela"]
[Result "0-1"]
[WhiteElo "2368"]
[BlackElo "2465"]
[PlyCount "68"]
[EventDate "2013.07.23"]
[EventType "swiss"]
[EventRounds "11"]
[EventCountry "SER"]
[Source "lmi"]
[SourceDate "2013.07.22"]

1. d4 Nf6 2. c4 e6 3. Nc3 Bb4 4. Qc2 O-O 5. a3 Bxc3+ 6. Qxc3 b6 7. Bg5 Bb7 8.
e3 d6 9. Ne2 Nbd7 10. Qc2 c5 11. Rd1 Qc8 12. Nc3 cxd4 13. Rxd4 d5 14. Bxf6 Nxf6
15. cxd5 Bxd5 16. f3 e5 17. Rd2 Bb7 18. Be2 Qc5 19. Kf2 Rac8 20. Rc1 e4 21. f4
g5 22. fxg5 Qf5+ 23. Kg1 Qxg5 24. Qd1 Qxe3+ 25. Kh1 Qg5 26. Rd4 Kh8 27. Rc2 Rg8
28. g3 Qe5 29. Bf1 Ng4 30. Re2 e3+ 31. Bg2 Nf2+ 32. Rxf2 exf2 33. Ne2 Rc1 34.
Qxc1 Qxe2 0-1

[Event "Europa ch Femenino 2013"]
[Site "Belgrado SER"]
[Date "2013.08.03"]
[Round "11.1"]
[White "Savina, Anastasia"]
[Black "Atalik, Ekaterina"]
[Result "0-1"]
[WhiteElo "2368"]
[BlackElo "2430"]
[PlyCount "94"]
[EventDate "2013.07.23"]
[EventType "swiss"]
[EventRounds "11"]
[EventCountry "SER"]
[Source "lmi"]
[SourceDate "2013.07.22"]

1. d4 d5 2. c4 c6 3. Nc3 Nf6 4. e3 e6 5. Nf3 Nbd7 6. Qc2 Bd6 7. Bd3 O-O 8. O-O
dxc4 9. Bxc4 b5 10. Bd3 Bb7 11. e4 e5 12. h3 Re8 13. dxe5 Nxe5 14. Nxe5 Bxe5
15. Be3 Qe7 16. Rae1 Bxc3 17. bxc3 h6 18. c4 b4 19. Bd4 Rad8 20. Ba1 Nd7 21. e5
Nc5 22. Bh7+ Kh8 23. f4 Ne6 24. f5 Nf8 25. f6 Qc5+ 26. Kh1 g6 27. e6 Kxh7 28.
e7 Rd7 29. Re5 Qd6 30. c5 Qd3 31. Qxd3 Rxd3 32. exf8=Q Rxf8 33. Re7 Ba6 34. Rc1
Ra3 35. Be5 Rxa2 36. Rb1 Bc4 37. Rxb4 Bd5 38. Bb2 a5 39. Rbb7 a4 40. Be5 g5 41.
Red7 Kg6 42. Rxd5 cxd5 43. c6 Rc8 44. c7 Rc2 45. Rb5 R8xc7 46. Bxc7 Rxc7 47.
Rxd5 Ra7 0-1